Southville International School and Colleges
Your cart is empty.
  • Cart
  • Lists
    Public lists Eva Luna New books Lux_list list_1
    Your lists Log in to create your own lists
  • Log in to your account
  • Your cookies
  • Search history
Southville International School and Colleges
  • Advanced search
  • Recent comments
  • Most popular
  • Libraries

Log in to your account

Log in with GOOGLE


If you do not have an external account, but do have a local account, you can still log in:

  1. Home
  2. MARC view: Probability, random variables, and random process /
Normal view MARC view ISBD view

Probability, random variables, and random process / (Record no. 22213)

[ view plain ]
MARC details
000 -LEADER
fixed length control field 01012nam a2200241 a 4500
005 - DATE AND TIME OF LATEST TRANSACTION
control field 20140310183355.0
008 - FIXED-LENGTH DATA ELEMENTS--GENERAL INFORMATION
fixed length control field 121126s19uu xx 00 eng d
020 ## - INTERNATIONAL STANDARD BOOK NUMBER
International Standard Book Number 9780071632898
050 ## - LIBRARY OF CONGRESS CALL NUMBER
Classification number QA 273.25
Item number .H78 2011
100 ## - MAIN ENTRY--PERSONAL NAME
Personal name Hsu, Hwei P.
245 ## - TITLE STATEMENT
Title Probability, random variables, and random process /
Statement of responsibility, etc Hwei P. Hsu.
250 ## - EDITION STATEMENT
Edition statement 2nd ed.
260 ## - PUBLICATION, DISTRIBUTION, ETC. (IMPRINT)
Place of publication, distribution, etc New York, NY :
Name of publisher, distributor, etc McGraw-Hill,
Date of publication, distribution, etc 2011.
300 ## - PHYSICAL DESCRIPTION
Extent ix, 422 p. :
Other physical details ill. ;
Dimensions 28 cm.
440 ## - SERIES STATEMENT/ADDED ENTRY--TITLE
Title Schaum's outlines
500 ## - GENERAL NOTE
General note Includes index. Rev. ed. of: Schaum's outline of theory and problems of probability, random variables, and random processes / Hwei Hsu. c1997.
520 ## - SUMMARY, ETC.
Summary, etc This ideal review for electrical engineering college students covers probability, random variable, functions of random variables, and more.
650 ## - SUBJECT ADDED ENTRY--TOPICAL TERM
Topical term or geographic name as entry element Probabilities
General subdivision Outlines, syllabi, etc.
650 ## - SUBJECT ADDED ENTRY--TOPICAL TERM
Topical term or geographic name as entry element Random variables
General subdivision Outlines, syllabi, etc.
650 ## - SUBJECT ADDED ENTRY--TOPICAL TERM
Topical term or geographic name as entry element Stochastic processes
General subdivision Outlines, syllabi, etc.
942 ## - ADDED ENTRY ELEMENTS (KOHA)
Koha item type Books
Source of classification or shelving scheme Library of Congress Classification
Call number prefix Foreign
Holdings
Withdrawn status Lost status Source of classification or shelving scheme Damaged status Home library Current library Shelving location Date acquired Source of acquisition Cost, normal purchase price Total Checkouts Total Renewals Full call number Barcode Date last seen Date checked out Copy number Price effective from Koha item type
    Library of Congress Classification   Archives Archives   11/26/2012 Donation 1298.00 1 4 QA 273.25 .H78 2011 C15895 12/04/2016 11/22/2016 1 10/10/2013 Books

Probability, random variables, and random process /

APA

Hsu H. P., . (2011). Probability, random variables, and random process. New York, NY: McGraw-Hill.

Chicago

Hsu Hwei P, . 2011. Probability, random variables, and random process. New York, NY: McGraw-Hill.

Harvard

Hsu H. P., . (2011). Probability, random variables, and random process. New York, NY: McGraw-Hill.

MLA

Hsu Hwei P, . Probability, random variables, and random process. New York, NY: McGraw-Hill. 2011.

  • Place hold
  • Print
  • Cite
  • Add to your cart (remove)
  • Save record
    BIBTEX Dublin Core MARCXML MARC (non-Unicode/MARC-8) MARC (Unicode/UTF-8) MARC (Unicode/UTF-8, Standard) MODS (XML) RIS
  • More searches
    Search for this title in:
    Other Libraries (WorldCat) Other Databases (Google Scholar) Online Stores (Bookfinder.com) Open Library (openlibrary.org)

Exporting to Dublin Core...

SOUTHVILLE LIBRARY

Southville International School and Colleges Library

1281 Tropical Ave. Cor. Luxembourg St., BF Homes International, Las Pinas City

Tel. No. 8256374 / 252358 Loc. 117/146

Powered by Koha